| 000 | 00371nam a2200157Ia 4500 | ||
|---|---|---|---|
| 008 | 230711s9999||||xx |||||||||||||| ||und|| | ||
| 041 | _aENG | ||
| 082 |
_a720 _bJE-L |
||
| 100 | _aJenger,Jean | ||
| 245 | 0 | _aLe corbusier architects of new age | |
| 250 | _a1st . Ed. | ||
| 260 |
_c2001 _aLondon _bThames & Hudson |
||
| 300 | _a159 | ||
| 650 | _aArchitecture | ||
| 942 | _cBK | ||
| 999 |
_c4184 _d4184 |
||